|
|
|
|
| LEADER |
00884cam a2200265 7i4500 |
| 001 |
0000033118 |
| 005 |
20161227090000.0 |
| 007 |
##ta |
| 008 |
161214s2015 cau 000 0 eng |
| 020 |
# |
# |
|a 9781446294642
|
| 040 |
# |
# |
|a DLC
|
| 090 |
0 |
0 |
|a B 658.3008
|b MAN
|
| 245 |
0 |
0 |
|a Managing DIVERSITY AND INCLUSION :
|b an INTERNATIONAL PERSPECTIVE
|c edited by Jawad Syed, Mustafa Ozbilgin.
|
| 264 |
# |
1 |
|a Los Angeles:
|b SAGE Publications,
|c 2015.
|
| 300 |
# |
# |
|a xix, 356 pages:
|b illustrations;
|c 24 cm.
|
| 336 |
# |
# |
|a text
|2 rdacontent
|
| 337 |
# |
# |
|a unmediated
|2 rdamedia
|
| 338 |
# |
# |
|a volume
|2 rdacarrier
|
| 504 |
# |
# |
|a Includes bibliographical references and index
|
| 650 |
# |
0 |
|a Diversity in the workplace
|
| 650 |
# |
0 |
|a Diversity in the workplace
|
| 650 |
# |
0 |
|a Equality
|
| 700 |
1 |
# |
|a Syed, Jawad
|
| 700 |
1 |
# |
|a Ozbilgin, Mustafa
|
| 999 |
|
|
|a B000037443
|b Book
|c Book
|e Business Information Centre
|